Advanced engineering mathematics / (Record no. 1215)

MARC details
000 -LEADER
fixed length control field 01284nac a22003131i 4500
003 - CONTROL NUMBER IDENTIFIER
control field EG-ScBUE
005 - DATE AND TIME OF LATEST TRANSACTION
control field 20241001094359.0
008 - FIXED-LENGTH DATA ELEMENTS--GENERAL INFORMATION
fixed length control field 090226t1999 nyua f b 001 0 eng d
020 ## - INTERNATIONAL STANDARD BOOK NUMBER
International Standard Book Number 047133328X
020 ## - INTERNATIONAL STANDARD BOOK NUMBER
International Standard Book Number 9780471333289
040 ## - CATALOGING SOURCE
Original cataloging agency EG-ScBUE
Language of cataloging eng
Description conventions rda
Transcribing agency EG-ScBUE
Modifying agency EG-ScBUE
082 04 - DEWEY DECIMAL CLASSIFICATION NUMBER
Classification number 510.2462
Item number KRE
Edition number 22
100 1# - MAIN ENTRY--PERSONAL NAME
Personal name Kreyszig, Erwin,
Relator term author.
9 (RLIN) 12964
245 10 - TITLE STATEMENT
Title Advanced engineering mathematics /
Statement of responsibility, etc Erwin Kreyszig, professor of mathematics, Ohio State University, Columbus, Ohio.
250 ## - EDITION STATEMENT
Edition statement Eighth edition.
264 #1 - PUBLICATION, DISTRIBUTION, ETC. (IMPRINT)
Place of publication, distribution, etc New York :
Name of publisher, distributor, etc John Wiley and Sons, Inc.,
Date of publication, distribution, etc [1999]
264 #4 - PUBLICATION, DISTRIBUTION, ETC. (IMPRINT)
Date of publication, distribution, etc c1999
300 ## - PHYSICAL DESCRIPTION
Extent 1 volume (various pagings) :
Other physical details color illustrations ;
Dimensions 27 cm
336 ## - CONTENT TYPE
Source rdacontent
Content type term text
Content type code txt
337 ## - MEDIA TYPE
Media type term unmediated
Source rdamedia
Media type code n
338 ## - CARRIER TYPE
Carrier type term volume
Carrier type code nc
Source rdacarrier
504 ## - BIBLIOGRAPHY, ETC. NOTE
Bibliography, etc Includes bibliographical references and index.
650 #7 - SUBJECT ADDED ENTRY--TOPICAL TERM
Topical term or geographic name as entry element Engineering mathematics.
Source of heading or term BUEsh
9 (RLIN) 33463
650 #7 - SUBJECT ADDED ENTRY--TOPICAL TERM
Topical term or geographic name as entry element Mathematical physics.
Source of heading or term BUEsh
9 (RLIN) 33464
655 ## - INDEX TERM--GENRE/FORM
Genre/form data or focus term Differential Equations- year 1.
Form subdivision Reading book
General subdivision Engineering
Chronological subdivision Semester 2. 2008/2009
856 42 - ELECTRONIC LOCATION AND ACCESS
Materials specified Publisher description
Uniform Resource Identifier <a href="http://www.loc.gov/catdir/description/wiley033/98037591.html">http://www.loc.gov/catdir/description/wiley033/98037591.html</a>
856 42 - ELECTRONIC LOCATION AND ACCESS
Materials specified Table of Contents
Uniform Resource Identifier <a href="http://www.loc.gov/catdir/toc/onix04/98037591.html">http://www.loc.gov/catdir/toc/onix04/98037591.html</a>
942 ## - ADDED ENTRY ELEMENTS (KOHA)
Koha item type Book - Borrowing
Source of classification or shelving scheme Dewey Decimal Classification
Holdings
Withdrawn status Lost status Source of classification or shelving scheme Damaged status Not for loan Collection code Home library Current library Shelving location Date acquired Source of acquisition Cost, normal purchase price Total Checkouts Total Renewals Full call number Barcode Date last seen Date checked out Cost, replacement price Price effective from Koha item type
    Dewey Decimal Classification     Baccah Central Library Central Library First floor 27/08/2006 Purchase 200.00 3 17 510.2462 KRE 000003277 15/07/2025 10/03/2019 250.00 27/08/2006 Book - Borrowing
    Dewey Decimal Classification     Baccah Central Library Central Library First floor 27/08/2006 Purchase 200.00 3 12 510.2462 KRE 000003276 15/07/2025 15/02/2018 250.00 27/08/2006 Book - Borrowing
    Dewey Decimal Classification     Baccah Central Library Central Library First floor 27/08/2006 Purchase 200.00 2 9 510.2462 KRE 000000018 15/07/2025 11/02/2015 250.00 06/09/2007 Book - Borrowing
    Dewey Decimal Classification     Baccah Central Library Central Library First floor 27/08/2006 Purchase 200.00 4 36 510.2462 KRE 000005348 15/07/2025 13/03/2017 250.00 06/09/2007 Book - Borrowing